00572nam a2200193 a 4500001001300000003000900013005001700022008004100039020001000080082001500090100002600105245008100131260004700212300000900259500003500268505001300303650003600316700002600352nice12345678IN_TiNIC20260116011848.0050524s1974 roma grp 000 0 eng  ac10000a231.7bCRO aCrollius, Ary A Roest aThus Were They Hearingb Word in the Experience of Revelation in Quran & Hin aRomabUniversita Gregoriana Editricec1974 a269p aincludes index and biblioraphy2 aAppendix aComparative Religion-Revelation1 aCrollius, Ary A Roest